| 000 | 00500nam a2200157 4500 | ||
|---|---|---|---|
| 001 | 136056 | ||
| 003 | ES-MaACL | ||
| 007 | t| | ||
| 008 | 070214s1975 sp r ||||1| spa d | ||
| 100 | 1 |
_aRowan, D. C. _9100171 |
|
| 245 | 1 | 0 |
_aIntroducción a la macroeconomía _b: renta, inflación y rendimiento / _cD. C. Rowan ; traducción de Josefa Sánchez. |
| 260 |
_aMadrid : _bTecnos, _c1975. |
||
| 300 |
_a458 p. ; _c24 cm. |
||
| 700 | 1 |
_aSánchez, Josefa. _9102388 |
|
| 852 |
_aES-MaACL _jE-8323 _bR.92785 |
||
| 999 |
_c136056 _d136056 |
||